| 000 | 00384nam a2200145Ia 4500 | ||
|---|---|---|---|
| 008 | 231129s1990||||xx |||||||||||||| ||spa|| | ||
| 020 | _a968-24-3877-2 | ||
| 040 | _bspa | ||
| 082 | _aR 336.003 B225d | ||
| 100 | _aBarandiaran Rafael | ||
| 245 | 0 | _aDiccionario de terminos financieros | |
| 260 | _c1990 | ||
| 264 | _aTrillas. | ||
| 942 |
_2ddc _cBKS |
||
| 999 |
_c9405 _d9405 |
||